书目信息 |
| 题名: |
校园招聘33天
|
|
| 作者: | 纪超 主编 ;诺姆四达集团 编著 | |
| 分册: | ||
| 出版信息: | 北京 世界图书出版公司北京公司 2013 |
|
| 页数: | 206页 | |
| 开本: | 21cm | |
| 丛书名: | ||
| 单 册: | ||
| 中图分类: | F272.92 | |
| 科图分类: | ||
| 主题词: | 企业--人才--招聘 , 企业 , 人才 , 招聘 | |
| 电子资源: | ||
| ISBN: | 978-7-5100-6000-7 | |
| 000 | 00884nam0 2200289 450 | |
| 001 | 523 | |
| 005 | 20140909091907.01 | |
| 010 | @a978-7-5100-6000-7@dCNY29.00 | |
| 100 | @a20130628d2013 em y0chiy50 ea | |
| 101 | 0 | @achi |
| 102 | @aCN@b110000 | |
| 105 | @aa z 000yy | |
| 106 | @ar | |
| 200 | 1 | @a校园招聘33天@f诺姆四达集团编著 |
| 210 | @a北京@c世界图书出版公司北京公司@d2013 | |
| 215 | @a206页@c图@d21cm | |
| 314 | @a主编:纪超 | |
| 330 | @a本书记录了作者从校园招聘启动到落幕中的工作情况。有招聘过程中遇到的“奇人轶事”,也有对工作,对HR职业的思考与畅想,展现了HR在校园招聘中的真实工作状态,集描述、感悟、总结于一体。 | |
| 606 | 0 | @a企业@x人才@x招聘 |
| 606 | 0 | @a企业 |
| 606 | 0 | @a人才 |
| 606 | 0 | @a招聘 |
| 690 | @aF272.92@v5 | |
| 701 | 0 | @a纪超@4主编 |
| 712 | 02 | @a诺姆四达集团@4编著 |
| 801 | 0 | @aCN@bTANGWEI@c20140603 |
| 905 | @b0841775-77@dF272.92@e1042@f3 | |
| 校园招聘33天/诺姆四达集团编著.-北京:世界图书出版公司北京公司,2013 |
| 206页:图;21cm |
| ISBN 978-7-5100-6000-7:CNY29.00 |
| 本书记录了作者从校园招聘启动到落幕中的工作情况。有招聘过程中遇到的“奇人轶事”,也有对工作,对HR职业的思考与畅想,展现了HR在校园招聘中的真实工作状态,集描述、感悟、总结于一体。 |
| ● |
| 相关链接 |
|
|
|
|
正题名:校园招聘33天
索取号:F272.92/1042
 
预约/预借
| 序号 | 登录号 | 条形码 | 馆藏地/架位号 | 状态 | 备注 |
| 1 | 0841775 | 208417756 | 第一样本阅览室/ [索取号:F272.92/1042] | 在馆 | |
| 2 | 0841776 | 208417765 | 第一借阅区/ [索取号:F272.92/1042] | 在馆 | |
| 3 | 0841777 | 208417774 | 经管系资料室/ [索取号:F272.92/1042] | 在馆 |